| 000 | 00633nam a2200229 i 4500 | ||
|---|---|---|---|
| 001 | bgj | ||
| 100 | 1 |
_aCAMUS, Albert _d(1913-1960). |
|
| 245 | 1 | 0 |
_aThe Stranger / _cby Albert Camus ; translated from the French by Stuart Gilbert. |
| 260 |
_aNew York : _bVintage Books, _cc. 1946. |
||
| 300 |
_a154 pp ; _c19 cm. |
||
| 490 | 1 | _aA Vintage Book | |
| 650 | 9 | _aAdventure stories | |
| 651 | 9 | _aAlgeria | |
| 700 | 1 |
_aGILBERT, Stuart. _etransl. |
|
| 830 | _aA Vintage Book | ||
| 020 | _a0394700023 | ||
| 040 | _cBPK | ||
| 041 | 0 |
_aeng _hfre |
|
| 920 | _a0-394-70002-3 | ||
| 942 | _cKS | ||
| 008 | s uk f |000 0 eng | ||
| 999 |
_c48705 _d48705 |
||
| 856 |
_uhttp://koha.tu.koszalin.pl/cgi-bin/koha/opac-detail.pl?biblionumber=48705 _yKatalog online BPK |
||